| 000 | 01225nam a22002657a 4500 | ||
|---|---|---|---|
| 003 | PE SENCICO BE | ||
| 005 | 20251020182646.0 | ||
| 008 | 231113b |||||||| |||| 00| 0 eng d | ||
| 040 |
_aPE SENCICO BE _cPE SENCICO BE |
||
| 041 | _aspa | ||
| 084 |
_aI _aDIB _a2012 _bP78 |
||
| 100 | 1 |
_91781 _aPortocarrero Gómez, Alexander _eautor |
|
| 245 | 1 |
_aTecnología, simbología y normatividad básica de estructura : encofrados de techos : _bdesarrollo de planos de encofrados de techo de proyectos de vivienda con doble altura y escalera hasta 50 m2 / _cAlexander Portocarrero Gómez |
|
| 260 |
_aLima : _c2012 |
||
| 300 |
_a84 h. : _bil., tabls. ; _c30 cm. |
||
| 502 | _aMonografía de Titulación.-- Servicio Nacional de Capacitación para la Industria de la Construcción. Escuela Superior Técnica. Carrera Profesional Técnica en Dibujo en Construcción Civil, 2012. | ||
| 650 | 1 | 0 |
_9626 _aEncofrados |
| 650 | 2 | 0 |
_9940 _aProyectos de edificaciones |
| 650 | 2 | 0 |
_915 _aEstructuras |
| 650 | 2 | 0 |
_91656 _aEscaleras |
| 650 | 2 | 0 |
_918 _aDiseño arquitectónico |
| 710 | 1 |
_aServicio Nacional de Capacitación para la Industria de la Construcción. _bEscuela Superior Técnica _91065 |
|
| 910 |
_bhfp _chfp |
||
| 942 |
_cMON _2ddc |
||
| 999 |
_c4435 _d4435 |
||